000 00360nam a2200145Ia 4500
008 230917s9999||||xx |||||||||||||| ||und||
040 _e160238
_aMAIN
041 _aEnglish
082 _a642 N312F
100 _aNegi, Jagmohan
245 0 _aFood and beverage costing
260 _aMumbai
_bHimalaya Publishing House
_c2001
300 _a440 p.
942 _cBK
999 _c146225
_d146225